000 00287nam a22001217a 4500
008 170713b xxu||||| |||| 00| 0 eng d
041 _aeng
080 _a10
100 _a24
101 _aFIL
245 _aPHILOSOPHERSAND KINGS STUDIES IN LEADERSHIP
_cRUSTOW.D.S
942 _2udc
_cBK
999 _c20641
_d20641